Представление документа в формате RUSMARC

ПолеНазваниеЗначение
  Тип записи a
  Библиографический уровень m
001 Контрольный номер f6b7bb2a326b4ac1aaefd140669cf5da
005 Дата корректировки 20230111115104.0
010 Индекс ISBN __
a ISBN 978-5-699-70886-4
b Уточнения в пер.
9 Тираж 3000 экз.
d Цена 237-00
100 Данные общей обработки __
a Данные общей обработки 20220824d2015 d y0rusy028902 ca
101 Язык документа 1_
a Язык текста rus
c Язык оригинала eng
102 Страна публикации __
a Страна публикации RU
105 Кодированные данные (монография) __
a Кодированные данные (монография) ac z 000ay
181 Поле кодированных данных: вид содержания _0
a Код вида содержания (ISBD) i
182 Поле кодированных данных: тип средства _0
a Код типа средства (ISBD) n
200 Заглавие и сведения об ответственности 1_
a Заглавие Затерянный мир
e Сведения, относящиеся к заглавию роман : для среднего школьного возраста
f Первые сведения об ответственности Артур Конан Дойл ; [перевод Н. А. Волжиной-Гроссет]
203 Вид содержания и тип средства __
a Вид содержания Текст
c Тип средства непосредственный
210 Выходные данные 1_
a Место издания Москва
c Издательство ЭКСМО
d Дата издания 2015
215 Физическое описание __
a Объем 316, [2] с.
c Иллюстрации/тип воспроизводства ил., портр.
d Формат 22 см
225 Серия 2_
a Серия Здесь водятся динозавры
330 Аннотация __
a Аннотация Эдуарду Мелоуну, молодому и многообещающему журналисту "Дейли-газетт", срочно требовалось совершить подвиг. Это условие поставила перед ним красавица Глэдис, чьей руки добивался Эдуард. Так Мелоун оказался в составе экспедиции профессора Челленджера - эксцентричного ученого, посмевшего утверждать, что в джунглях Южной Америки до сих пор живут динозавры… Кто бы мог подумать, что эта невероятная гипотеза подтвердится, и отважные исследователи собственными глазами увидят кусочек загадочного и опасного древнего мира?! Вышедший в 1912 году роман "Затерянный мир" Артура Конан Дойля - шедевр приключенческой литературы, на котором выросло не одно поколение юных читателей. Книга была неоднократно экранизирована.
333 Примечание о целевом назначении __
a Примечание о целевом назначении 12+. Для детей старше 12 лет
454 Оригинал _0
1 2001
a The lost world
1 700 1
a Doyle
b A. C.
g Arthur Conan
606 Тематические рубрики __
a Основная рубрика Художественная литература
2 Код системы nlr_sh
606 Тематические рубрики __
a Основная рубрика Литература Европы (произведения)
y Географическая подрубрика Англия
2 Код системы nlr_sh
606 Тематические рубрики __
y Географическая подрубрика Великобритания
610 Ключевые слова 0_
a Ключевые слова авантюрные романы
610 Ключевые слова 0_
a Ключевые слова английская литература
610 Ключевые слова 0_
a Ключевые слова детская литература
610 Ключевые слова 0_
a Ключевые слова зарубежная литература
610 Ключевые слова 0_
a Ключевые слова иностранная литература
610 Ключевые слова 0_
a Ключевые слова приключенческие романы
610 Ключевые слова 0_
a Ключевые слова романы
610 Ключевые слова 0_
a Ключевые слова приключения
610 Ключевые слова 0_
a Ключевые слова тема выживания
610 Ключевые слова 0_
a Ключевые слова тема динозавров
610 Ключевые слова 0_
a Ключевые слова тема опасности
610 Ключевые слова 0_
a Ключевые слова тема приключений
610 Ключевые слова 0_
a Ключевые слова тема путешествий
610 Ключевые слова 0_
a Ключевые слова фантастика
610 Ключевые слова 0_
a Ключевые слова фантастические произведения
610 Ключевые слова 0_
a Ключевые слова фантастические романы
610 Ключевые слова 0_
a Ключевые слова экранизации
610 Ключевые слова 0_
a Ключевые слова экранизации произведений
686 Индексы других классификаций __
2 Код системы rubbks
a Классификационный индекс 84(4Вел)6-445; ст84(4Вел)-445
700 Автор _1
a Фамилия Дойл
b Имя А. К.
f Даты 1859-1930
g Полное личное имя Артур Конан
4 Код отношения 070
702 Вторичная интеллектуальная ответственность _1
a Фамилия Волжина-Гроссет
b Имя Н. А.
4 Код отношения 730
f Даты 1903-1981
g Полное личное имя Наталья Альбертовна
801 Источник записи _0
a Страна RU
b Организация Муниципальное бюджетное учреждение культуры "Централизованная библиотечная система" г. Сургут (Центральная городская библиотека им. А. С. Пушкина)
c Дата составления 20220824
g Правила каталогизации PSBO
801 Источник записи _1
a Страна RU
b Организация Муниципальное бюджетное учреждение культуры "Централизованная библиотечная система" г. Сургут (Центральная городская библиотека им. А. С. Пушкина)
c Дата составления 20220824
g Правила каталогизации PSBO
852 Данные о местонахождении __
j Шифр хранения 84(4Вел)6-445
i Авторский знак Д 62
900 Макрообъекты __
a Макрообъекты Затерянный мир. А.К. Дойл, 2015
901 Тип документа __
t Тип документа m
a Ответственный ООФиК/Волкова
903 Характеристики (МАРС) __
a Дата передачи 20220824
c Наименование библиотеки (МАРС) Муниципальное бюджетное учреждение культуры "Централизованная библиотечная система" г. Сургут (Центральная городская библиотека им. А. С. Пушкина)
969 Тип издания __
a Тип издания издание для детей
990 Данные о заказе (DOS) __
j Количество экземпляров (DOS) 1
t N записи в КСУ для И/У (DOS) 202209